000 00684nam a2200217 a 4500
999 _c7775
_d7775
001 7775
003 BD-JhCC
005 20180213182342.0
008 180213s1986 bg a|||| |||| 000 0 ben d
035 _a(BD-JhCC)7775
040 _aBD-JhCC
_dBD-JhCC
041 _aben
082 _a510
_bSHA 1986
100 _aসরদার, রমজান আলী
245 _aপ্রাথমিক বিশ্লেষণ গণিত /
_cপ্রফেসর রমজান আলী সরদার,
260 _aঢাকা :
_bবাংলা একাডেমী,
_c1986.
300 _a747 p. :
_bill. ,
_c21 cm.
650 _aMathematics
942 _2ddc
_cBK